000 00927aas a2200229 4500
999 _c4170
_d4170
003 BR-BrBNA
005 20230317234027.0
007 ta
008 230119b bl ||||| |||| 00| 0 por d
035 _a000485-5
040 _aBR-BrBNA
_bSpa
_cBR-BrBNA
042 _a014771-0
044 _abl
245 _aBoletin Forestal y de Industrias Forestales para America Latina
_bFAO
_cOrganizacion de las Naciones Unidas para la Agricultura y la Alimentacion
260 _aSantiago, CL
_bOficina Regional de la FAO para America Latina y el caribe
_c1968. Data final de publicação em 1971
_eCL
270 _aAv. Dag Hammarskjold 3241, Vitacura; Santiago, Chile; Teléfono: (56-2)337-2189; Fax: (56-2)337-2101/02/03; Sitio: http://www.rlc.fao.org
310 _aperiodicidade desconchecida
505 _a1968 (58-60); 1969 (61,63-64); 1970 (65-68); 1971 (70);
650 1 2 _gCIENCIA FLORESTAL
909 _a56
_bSergio Santos
_c56
_dSergio Santos
942 _cCR
_2AGRIS